000 00319nam a22001457a 4500
003 SGT
020 _a9789391211127
082 _a347.05
_bJOS
100 _aJOSEPH, KURIAN
245 _aMULLA THE CODE OF CIVIL PROCEDURE
250 _a20
260 _aGURGAON
_bLEXIS NEXIS
_c2022
300 _a4712
942 _2ddc
_cBK
999 _c23014
_d23014